Statistics for Blondie-Call Me (Lyrics)

Click here to take the quiz!

General Stats

  • This quiz has been taken 93 times
  • The average score is 272 of 387

Answer Stats

Lyrics% Correct
Me.
100%
Me,
100%
Me)
100%
Me
100%
(Call
98%
Call
98%
A
97%
Any
95%
Any,
95%
You
89%
I
88%
Your
82%
The
79%
Baby
77%
In
73%
On
73%
Day,
71%
Day
71%
Night
71%
Love
70%
Are
68%
Know
68%
Who
68%
Anytime,
67%
Anytime
67%
Or
62%
Where
62%
Can
59%
When
59%
Color
58%
Color,
58%
I'll
58%
Design
56%
Line
56%
My
55%
My,
55%
Sheets
55%
With
55%
Get
53%
Kisses
53%
Never
52%
Oh-Oh
52%
Ooh-Ooh-Ah-Ha-Ha
52%
Ooh-Ooh-Ha-Ha-Ha
52%
Ooh-Ooh-Ooh
52%
Ooh-Ooh-Ooh-Ooh-Ah-Ah-Ah
52%
Oooh,
52%
Of
48%
Why
48%
And
47%
Cover
47%
Designer
47%
We
47%
Car
45%
Enough
45%
Roll
45%
Darling
44%
Place,
44%
Anywhere,
42%
Come,
42%
Come
42%
Don't
42%
You're
42%
From
41%
For
39%
What
39%
He
38%
Up
38%
Alibi
35%
No
33%
All
32%
Coming
32%
Way
32%
Emotions
30%
Lover's
29%
Off
29%
Love's
27%
Ah-Ah-Ooh
26%
Ah-Ha
26%
Ah-Ha-Ha
26%
Wine
26%
Chart
24%
Share
24%
Mon
23%
Some
21%
Cheri
20%
Languages
20%
Amore,
18%
Chiamami,
18%
Chiamami
18%
Life
18%
Man
18%
Ready
18%
Sweet
18%
Take
18%
Out
17%
Appelle-Moi
15%
Overtime
15%
Speaks
15%
Show
14%
Put
12%
Ride,
11%
Ride
11%
Dress
9%
Into
9%
Arive
6%
1980's
5%
Fashions
5%
Inside
5%
Mean
5%
In-Between
3%
Scene
3%
Words
3%
Designs
2%
Sleek
2%

Score Distribution

Percentile by Number Answered

Percent of People with Each Score

Your Score History

You have not taken this quiz